000 00663nam a22001937a 4500
005 20120119113250.0
020 _a9788124323342
_c55.00
082 _aS
100 _aJoshi, Yogesh
_939618
245 _aKrishna 8 /
_cby Yogesh Joshi; illustrated by Ankur Suchak
260 _aMumbai
_bNavneet Publications,
_c200?
270 _aBhavani Shankar Road, Dadar
_bMumbai
_e400028
300 _a40p
_bill (col)
_c24 cm (Pbk)
490 _aClassic literature for children
_v8
_939619
500 _aset of 8 books
700 _aSuchak, Ankur
_939552
942 _2ddc
_cCH
_hS
_mJOS
999 _c61173
_d61173